|
|
|
|
| LEADER |
00825nam#a2200229#a#4500 |
| 001 |
002386 |
| 005 |
20160721142415.0 |
| 008 |
960612s1990####sp##################spa#d |
| 020 |
|
|
|a 8433812033
|
| 040 |
|
|
|a AR-BeUNQ
|
| 099 |
|
|
|a 17-R9
|
| 100 |
1 |
|
|a Ruiz Pérez, Rafael
|
| 245 |
0 |
2 |
|a Directrices fundamentales para la normalización de revistas científicas : recomendaciones destinadas a autores, directores y editores
|c Rafael Ruiz Pérez , María Pinto Molina.
|
| 260 |
|
|
|a Granada :
|b Universidad de Granada,
|c 1990
|
| 300 |
|
|
|a 117 p. :
|b gráficos, tablas
|
| 650 |
|
7 |
|a PUBLICACIONES PERIODICAS
|2 Spines
|
| 650 |
|
7 |
|a NORMALIZACION
|2 Spines
|
| 650 |
|
7 |
|a BIBLIOTECONOMIA
|2 Spines
|
| 700 |
1 |
|
|a Pinto Molina, María
|
| 929 |
|
|
|a COMPRA
|b Alfagrama
|c Exp. 827-0166/96
|d 29,90
|e 19960424
|j 16119
|
| 942 |
|
|
|c LIB
|n 0
|
| 999 |
|
|
|c 5186
|d 80573
|